|
|
|
|
| LEADER |
00000nab a2200000 a 4500 |
| 001 |
vtls010532400 |
| 003 |
SK-MaSNL |
| 005 |
20260303085723.0 |
| 008 |
140619c2013 xo qr|p|||an |000 b|slo |
| 015 |
|
|
|a SNBRB2013/07
|
| 038 |
|
|
|a SPK
|
| 040 |
|
|
|a SPKCL
|b slo
|c AACR2
|e AACR2
|
| 041 |
0 |
|
|a slo
|b slo
|b eng
|
| 044 |
|
|
|a xo
|c SK
|
| 072 |
|
7 |
|a 316.7
|x Sociológia kultúry. Kultúrny život
|2 konspekt
|
| 072 |
|
7 |
|a 159.92
|x Vývinová psychológia. Psychológia osobnosti
|2 konspekt
|
| 072 |
|
7 |
|a 371
|x Školstvo (organizácia)
|2 konspekt
|
| 080 |
|
|
|a 316.728-021.465
|2 2001
|
| 080 |
|
|
|a 159.922.8
|2 2001
|
| 080 |
|
|
|a 371.311.5
|2 2001
|
| 100 |
1 |
|
|a Kačmárová, Monika
|4 aut
|9 604266
|
| 245 |
1 |
0 |
|a Kvalita života pubescentov v kontexte kvality života v školskej triede
|c Monika Kačmárová
|
| 246 |
3 |
1 |
|a The quality of the pubescents` life in the context of the quality of life in the school class
|
| 300 |
|
|
|b Tab.
|
| 504 |
|
|
|a Bibliogr. odkazy
|
| 546 |
|
|
|a Res. angl., slov.
|
| 650 |
0 |
7 |
|a kvalita života
|2 snkbucl
|9 1705
|
| 650 |
0 |
7 |
|a puberta
|2 snkbucl
|9 655
|
| 650 |
0 |
7 |
|a školské triedy
|2 snkbucl
|9 71468
|
| 650 |
0 |
7 |
|a výskum
|2 snkbucl
|9 4238
|
| 773 |
0 |
|
|t Psychológia a patopsychológia dieťaťa
|g Roč. 47, č. 1 (2013), s. [54]-69
|x 0555-5574
|
| 852 |
|
|
|a SPK
|b KIS3GCP
|
| 856 |
4 |
1 |
|u www.elis.sk
|
| 958 |
|
|
|a NB
|2 snkbucl
|
| 999 |
|
|
|c 1800313
|d 1802243
|